| 000 | 01217cam a2200325 a 4500 | ||
|---|---|---|---|
| 003 | OSt | ||
| 005 | 20140310184451.0 | ||
| 008 | 050315s2007 nyuab j b 001 0 eng | ||
| 010 | _a 2005007524 | ||
| 020 | _a0516236288 | ||
| 040 |
_aDLC _cDLC _dDLC |
||
| 043 | _an-usm-- | ||
| 050 | 0 | 0 |
_aF 354 _b.K46 2007 |
| 100 | 1 |
_aKent, Deborah. _96383 |
|
| 245 | 1 | 4 |
_aThe great Mississippi flood of 1927 / _cDeborah Kent. |
| 260 |
_aNew York : _bScholastic Inc., _c2007. |
||
| 300 |
_a48 p. : _bill. col. ; _c25 cm. |
||
| 440 | 0 |
_aCornerstones of freedom. _nSecond series _928058 |
|
| 521 | _aG9 | ||
| 526 | _c1020 | ||
| 650 | 0 |
_aFloods _zMississippi River _xHistory _y20th century _vJuvenile literature. _928059 |
|
| 650 | 0 |
_aMississippi River _xHistory _y20th century _vJuvenile literature. _928060 |
|
| 650 | 0 |
_aFloods _zMississippi River Valley _xHistory _y20th century _vJuvenile literature. _928061 |
|
| 651 | 0 |
_aMississippi River Valley _xHistory _y1865- _vJuvenile literature. _928062 |
|
| 906 |
_a7 _bcbc _corignew _d1 _eecip _f20 _gy-gencatlg |
||
| 942 |
_2lcc _cBK-SCHOLAS |
||
| 999 |
_c34586 _d34586 |
||